Loading...
| Science - Biology | 0 | 6 | 1 | 0 | 55 | 45 | 76.50 | 1 | 3 |
| Science - Chemistry | 0 | 6 | 1 | 1 | 55 | 54 | 90.17 | 0 | 2 |
| Social Science | 0 | 5 | 0 | 1 | 50 | 38 | 79.20 | 2 | 5 |
| History - World History | 0 | 5 | 0 | 0 | 50 | 72 | 91.00 | 0 | 1 |
| History - American History | 0 | 5 | 1 | 0 | 45 | 55 | 83.60 | 2 | 4 |
| Philosophy | 0 | 5 | 3 | 2 | 35 | 100 | 114.00 | 0 | 1 |
| Mythology | 0 | 3 | 0 | 0 | 30 | 72 | 88.00 | 0 | 1 |
| Literature - British Literature | 0 | 2 | 0 | 0 | 20 | 86 | 86.00 | 0 | 1 |
| Fine Arts - Classical Music | 0 | 2 | 0 | 0 | 20 | 85 | 96.50 | 0 | 0 |
| Fine Arts - Other Fine Arts | 0 | 2 | 0 | 0 | 20 | 119 | 119.50 | 0 | 0 |
| History - European History | 0 | 2 | 0 | 0 | 20 | 85 | 85.00 | 0 | 0 |
| Science - Other Science | 0 | 2 | 0 | 0 | 20 | 99 | 104.00 | 0 | 1 |
| Pop Culture | 0 | 1 | 0 | 1 | 10 | 143 | 143.00 | 0 | 1 |
| Fine Arts - Painting and Sculpture | 0 | 1 | 1 | 0 | 5 | 91 | 91.00 | 0 | 0 |
| History - Other History | 0 | 1 | 1 | 0 | 5 | 97 | 97.00 | 0 | 0 |
| Religion | 0 | 1 | 2 | 0 | 0 | 131 | 131.00 | 0 | 0 |
| Geography | 0 | 0 | 1 | 0 | -5 | 0.00 | 0 | 0 | |
| Science - Physics | 0 | 1 | 3 | 0 | -5 | 112 | 112.00 | 0 | 0 |
| Current Events | 0 | 0 | 1 | 0 | -5 | 0.00 | 0 | 0 |